| 000 | 00868cab a2200217 4500 | ||
|---|---|---|---|
| 001 | L136647 | ||
| 008 | 070213n2007 000 0 eng u | ||
| 035 | _a(Sirsi) u136647 | ||
| 041 | 0 | _aeng | |
| 100 | 1 | _aNeale, Jon | |
| 245 | 0 | 0 | _aFocus East Midlands industrial |
| 260 | _c2007 | ||
| 490 | 0 | 0 |
_aEstates Gazette _v(0706) 10 February 2007, 133-153(11) |
| 520 | _aAsks how the long-term future of the region will be affected if the East Midlands Regional Assembly's regional spatial strategy ignores the logistics sector. Reports on the resurgence in development of the region's major roads. Examines the impact of an emerging distribution corridor to the east on Northampton's shed sector dominance. | ||
| 590 | _aKA | ||
| 651 | 4 | _aEAST MIDLANDS | |
| 690 | _aPROPERTY-INDUSTRIAL PROPERTY | ||
| 700 | 1 | _aHalstead, Ian | |
| 700 | 1 | _aJack, Simon | |
| 942 | _n0 | ||
| 999 |
_c78391 _d78391 |
||